Management : test bank A /
保存先:
| 第一著者: | |
|---|---|
| その他の著者: | |
| フォーマット: | Sách giấy |
| 言語: | Vietnamese |
| 出版事項: |
Boston, Mass. :
Houghton Mifflin,
1987
|
| 版: | 2nd ed. |
| タグ: |
タグ追加
タグなし, このレコードへの初めてのタグを付けませんか!
|
| Thư viện lưu trữ: | Thư viện Trường Đại học Đà Lạt |
|---|
| LEADER | 00714nam a2200289 4500 | ||
|---|---|---|---|
| 001 | DLU030025355 | ||
| 005 | ##20021230 | ||
| 008 | ##021230t vn z000 vie d | ||
| 040 | # | # | |a DLU |b vie |
| 041 | # | # | |a vie |
| 044 | # | # | |a vn |
| 082 | # | # | |a 658 |b PL-E |
| 100 | # | # | |a Plumlee, E. Leroy |
| 245 | # | # | |a Management : |b test bank A / |c E. Leroy Plumlee |
| 250 | # | # | |a 2nd ed. |
| 260 | # | # | |a Boston, Mass. : |b Houghton Mifflin, |c 1987 |
| 300 | # | # | |a iv, 316 tr. ; |c 28 cm |
| 700 | # | # | |a Griffin, Ricky W. |t Management |
| 992 | # | # | |a 9600 |
| 994 | # | # | |a DLU |
| 900 | # | # | |a True |
| 911 | # | # | |a Thái Thị Thanh Thủy |
| 925 | # | # | |a G |
| 926 | # | # | |a A |
| 927 | # | # | |a SH |
| 980 | # | # | |a Thư viện Trường Đại học Đà Lạt |